000 01307nam a2200349 a 4500
001 000110917
003 CHAP
005 20220329144151.0
008 141021s2014 mx a fsm |||||||spa d
010 _a107379
011 _a108351
040 _cCHAP
090 _aTesis
100 1 _aPeraza Reyes, Jessica del Carmen
_9128677
245 1 0 _aRelación de los campesinos con su ambiente en la zona de reserva del Merendón, Honduras
_h[En línea]
_cpor Jessica del Carmen Pereza Reyes.
260 _aChapingo, Méx. :
_bEl autor,
_c2014.
500 _aPara ver el contenido del material haga clic en la liga
502 _aTesis (M. C. en Sociología Rural) -- UACH. Departamento de Sociología Rural
590 _aE11695DGD
_b10
_c20141024
_lUCH01
_h0826
590 _aE5995AHE
_b05
_c20141021
_lUCH01
_h1213
590 _aE5995AHE
_b05
_c20141021
_lUCH01
_h1214
590 _aE5995AHE
_b05
_c20141021
_lUCH01
_h1303
590 _aE5995AHE
_b05
_c20141021
_lUCH01
_h1303
650 1 4 _aCampesinado
_xHonduras.
_918019
650 1 4 _aInvestigación participativa.
_960254
650 1 4 _aMedio ambiente.
_974065
650 1 4 _aRecursos naturales
_xConservación
_zHonduras.
_9128678
856 _aFinding aid
_uhttp://10.13.5.2/tesis/sist110917.pdf
_zTeclea aquí
901 _aBK
942 _cTESIS
942 _n0
999 _c107379
_d107379